| 000 -LEADER |
| fixed length control field |
00554nam a22001817a 4500 |
| 008 - FIXED-LENGTH DATA ELEMENTS--GENERAL INFORMATION |
| fixed length control field |
151013b xxu||||| |||| 00| 0 eng d |
| 020 ## - INTERNATIONAL STANDARD BOOK NUMBER |
| International Standard Book Number |
0314871063 |
| 041 0# - LANGUAGE CODE |
| Language code of text/sound track or separate title |
eng |
| 080 ## - UNIVERSAL DECIMAL CLASSIFICATION NUMBER |
| Universal Decimal Classification number |
658 |
| 245 0# - TITLE STATEMENT |
| Title |
An introduction to Management science: |
| Statement of responsibility, etc |
David R. Anderson; Dennis J. Sweeney; Thomas A. Williams. |
| 250 ## - |
| -- |
4th ed. |
| 260 ## - |
| -- |
USA: |
| -- |
West Publishing Company; |
| -- |
1985. |
| 300 ## - |
| -- |
688 f.: |
| -- |
me il.; |
| -- |
25 cm. |
| 650 #0 - |
| -- |
Menaxhim |
| 650 #0 - |
| -- |
Organizim |
| 650 #0 - |
| -- |
Udhëheqje |
| 942 ## - ADDED ENTRY ELEMENTS (KOHA) |
| Source of classification or shelving scheme |
|
| Item type |
Books |